Koľko stojí úsmev da Vinciho Mona Lisy?
V súčasnosti je Mona Lisa považovaná za najznámejší obraz na svete, avšak do začiatku 20. storočia to bol len jeden z kvalitných obrazov, akých je mnoho. V roku 1911 ukradli zlodeji obraz Mony Lisy. O tomto čine ako aj o následnom vrátení obrazu sa masívne písalo vo vtedajšej tlači. Toto viedlo k ob...
Uložené v:
| Hlavný autor: | |
|---|---|
| Médium: | Kapitola |
| Jazyk: | Slovak |
| Predmet: | |
| Tagy: |
Žiadne tagy, Buďte prvý, kto otaguje tento záznam!
|
MARC
| LEADER | 00000naa a2200000 4500 | ||
|---|---|---|---|
| 001 | 0250983 | ||
| 005 | 20240502074026.2 | ||
| 041 | 0 | |a slo | |
| 044 | |a SK | ||
| 245 | 1 | 0 | |a Koľko stojí úsmev da Vinciho Mona Lisy? |c Jana Péliová |
| 520 | |a V súčasnosti je Mona Lisa považovaná za najznámejší obraz na svete, avšak do začiatku 20. storočia to bol len jeden z kvalitných obrazov, akých je mnoho. V roku 1911 ukradli zlodeji obraz Mony Lisy. O tomto čine ako aj o následnom vrátení obrazu sa masívne písalo vo vtedajšej tlači. Toto viedlo k obrovskej popularite obrazu v očiach verejnosti. V priebehu 20. storočia už bol obraz predmetom masovej reprodukcie či parodovania. Podľa Sassoona bol obraz reprodukovaný v 300 iných obrazoch a 2000 reklamách. Čo spôsobilo, že sa jeden z ďalších vydarených Leonardových obrazov stal najznámejším obrazom na svete? | ||
| 610 | 2 | 0 | |a umenie |
| 610 | 2 | 0 | |a hodnota |
| 610 | 2 | 0 | |a trh |
| 100 | 1 | |a Péliová, Jana, 1976- | |